000 00953nas a2200277 454500
001 39247
005 20260407193510.0
008 260407s1981####ag###########|||spa#d
003 AR-UNSa-BCEJYS
040 _aAR-UNSa-BCEJYS
_bspa
_cAR-UNSa-BCEJYS
080 _a338.1
_xSituación económica. Ciclos. Desarrollo de la estructura económica
245 1 0 _aDocumentos de trabajo
022 _a0326-9833
264 1 _aBuenos Aires :
_bFIEL (Fundación de Investigaciones Económicas Latinoamericanas)
_c1981
310 _aFrecuencia: Irregular
041 _aspa
942 _cSER
590 _aniveau_biblio:s niveau_hierar:1
100 1 _aFundación de Investigaciones Económicas Latinoamericanas (FIEL)
650 _aIndustria
650 _aPrivatización
650 _aMacroeconomía
650 _aECONOMIA
650 _aSECTOR AGRARIO
856 4 1 _uhttps://www.biblioeco.unsa.edu.ar/pmb/images/revistas/R21645.jpg
_yImagen de portada
_qimage/jpeg
999 _c8831
_d8831